[Event "EU-chT (Men) 20th"]
[Site "Reykjavik"]
[Date "2015.11.15"]
[Round "3.2"]
[White "Hjartarson, Johann"]
[Black "Ipatov, Alexander"]
[Result "1/2-1/2"]
[WhiteElo "2529"]
[BlackElo "2624"]
[Annotator "Ipatov,A"]
[PlyCount "155"]
[EventDate "2015.11.13"]
[EventType "team-swiss"]
[EventRounds "9"]
[EventCountry "ISL"]
[SourceTitle "CBM 170"]
[Source "ChessBase"]
[SourceDate "2016.01.15"]
[SourceVersion "1"]
[SourceVersionDate "2016.01.15"]
[SourceQuality "1"]
[WhiteTeam "Iceland Legends"]
[BlackTeam "Turkey"]
[WhiteTeamCountry "ISL"]
[BlackTeamCountry "TUR"]

1. e4 e5 2. Nf3 Nc6 3. Bb5 a6 4. Ba4 Nge7 {I had played this system twice
recently, so my opponent most likely had been expecting it to happen in the
game.} 5. O-O (5. c3 g6 6. d4 exd4 7. cxd4 b5 8. Bb3 Bg7 9. d5 Na5 10. Bd2 {
This is one of the most critical and complex lines of the entire variation
with Nge7.} c5 11. Bc3 (11. d6 $5 Nec6 12. Bg5 Bf6 13. h4 $13 {Volokitin,A 
(2686)-Iordachescu,V (2646) Brasov 2011}) 11... Bxc3+ 12. Nxc3 d6 13. O-O Bg4
14. h3 Bxf3 15. Qxf3 O-O 16. Rfe1 b4 17. Ne2 Nc8 18. Ng3 Nb6 19. e5 $1 c4 20.
Bc2 dxe5 21. Rad1 Nd7 22. d6 Rc8 23. Nf5 $1 Nc6 24. Be4 $1 $36 {Georgiadis,N 
(2460)-Ipatov,A (2608) Doha 2014, and later White won.}) (5. Nc3 d6 6. O-O h6
7. a3 g6 8. d4 Bd7 9. dxe5 dxe5 10. Be3 Bg7 11. Bb3 Bg4 12. Nd5 Nd4 13. Bxd4
exd4 14. h3 Bxf3 15. Qxf3 O-O 16. Nxe7+ {1/2 (16) Salgado Lopez,I (2615)
-Ipatov,A (2621) Kocaeli 2015}) 5... g6 6. c3 Bg7 7. d4 exd4 8. cxd4 b5 9. Bc2
{This retreat makes more sense to me than 9.Bb3.} ({According to the Mega
Database, the main move is considered to be} 9. Bb3 d6 10. Nc3 O-O 11. d5 (11.
h3 Na5 12. Bg5 h6 13. Bxe7 Qxe7 14. Nd5 Qd8 $132 {Vachier Lagrave,M (2758)
-Mamedyarov,S (2765) Beijing 2014, and Black had no problems.}) 11... Na5 12.
Bc2 Bb7 (12... c5 13. dxc6 Naxc6 14. Bf4 Qa5 15. Qxd6 Be6 16. Bb3 Rfd8 17. Qc5
Bxb3 18. axb3 Qb4 19. Qxb4 Nxb4 20. Rfd1 $14 {Black has certain compensation
for the pawn, but I am not sure whether it is sufficient. Yet, Black managed
to draw in Karjakin,S (2762)-Durarbayli,V (2548) Rhodes 2013.}) 13. Re1 Re8 14.
Rb1 c6 15. dxc6 Bxc6 16. Bf4 Rc8 17. Ne2 Nc4 $132 {Inarkiev,E (2707)
-Iordachescu,V (2636) Konya 2012}) 9... d6 10. h3 (10. d5 Na5 11. Nc3 (11. Bd2
$5 {leads to a very sharp position} Bxb2 12. Bxa5 Bxa1 13. Nc3 Bb2 14. Qd2 O-O
15. Bb3 Ba3 16. Ne2 f6 17. Nfd4 Bc5 18. Nf4 $44 {Movsesian,S (2659)-Durarbayli,
V (2621) Doha 2014, with compensation for White.}) 11... O-O {We have reached
the same position as after 9.Bb3 d6 10.Nc3 0-0 11.d5 Na5 12.Bc2, but with
White to move.} 12. Rb1 h6 13. h3 c6 14. dxc6 Nexc6 15. Nd5 Nc4 16. b3 N4e5 17.
Bb2 Be6 18. Nh2 Bxd5 19. Qxd5 Nb4 20. Qd2 Nxc2 21. Qxc2 Qa5 22. Ba1 Rac8 $11 {
Balogh,C (2645)-Tkachiev,V (2658) Reykjavik 2015}) 10... O-O 11. Nc3 {Black's
main plan is about advancing f7-f5.} Bb7 (11... Na5 12. Bf4 Bb7 13. Qc1 f5 $5
14. Bh6 fxe4 15. Bxg7 Kxg7 16. Ng5 Qd7 17. d5 Nxd5 18. Nxd5 Bxd5 19. Bxe4 Bxe4
20. Qc3+ Kg8 21. Nxe4 Qe7 22. Qxa5 Qxe4 23. Qxc7 Qd4 $11 {Pap,M (2488)
-Mikhalevski,V (2536) Lingen 2015}) (11... h6 12. Be3 f5 13. exf5 Bxf5 14. d5
Nb4 (14... Bxc2 $142 15. Qxc2 Rxf3 $5 16. gxf3 Ne5 17. Qe4 (17. f4 $143 Nf3+
18. Kg2 Nh4+ $44) 17... Qd7 18. f4 Nc4 19. Nd1 Nf5 $44) 15. Bxf5 Rxf5 16. Nh4
Rf7 17. a3 Bxc3 18. bxc3 Nbxd5 19. Bxh6 $16 {Zhigalko,S (2656)-Morozevich,A 
(2711) Berlin 2015}) 12. Re1 Qd7 13. a3 $146 (13. Bf4 Na5 14. Rc1 Nc4 15. b3
Nb6 16. b4 h6 17. Bb3 Kh7 18. d5 Qd8 19. Ne2 Rc8 20. Ned4 $14 {Braun,C (2424)
-Dambacher,M (2483) Maastricht 2015}) 13... Na5 14. Rb1 Nc4 15. b3 (15. Bf4 f5
$1 $132) 15... Nb6 {The knight clearly stands better on b6 than on a5. After
Black pushes f7-f5, the knight might be eligible for the central d5-square.}
16. Bb2 Rac8 ({The immediate} 16... f5 {was possible} 17. d5 fxe4 18. Bxe4 {
but I didn't see how to proceed here, while White's next moves are easy:
Nf3-g5-e6.}) 17. a4 $6 {A suspicious move. Now Black gets what he wanted.} (17.
Qd2 $142 c5 18. d5 $14) 17... b4 18. Ne2 f5 $1 19. e5 (19. d5 fxe4 20. Bxe4
Bxb2 21. Rxb2 Bxd5 22. Bxd5+ Nbxd5 $15 {White still has to prove his
compensation.}) (19. Ng3 fxe4 20. Bxe4 Bxe4 21. Nxe4 a5 $15 {[%csl Gd5] Black
has an excellent d5-square for one of his knights.}) 19... Bxf3 $1 {Destroying
the pawn structure on the kingside.} 20. gxf3 Nbd5 21. Bd3 a5 22. Rc1 c6 ({
I wanted to push} 22... f4 {, but I just didn't see what to do after} 23. Kh2
$13) 23. Rc2 Rcd8 (23... Bh6 $5 {deserved attention taking the control over
the c1-square.}) 24. Qc1 Kh8 25. Bc4 f4 26. Kh2 Rf5 $2 {In mutual time trouble
I decided to go all-in, taking into account the age difference and the limited
time factor.} ({Although, the simple} 26... Qf5 $1 {would have given Black a
serious initiative.} 27. Bxd5 cxd5 28. Rc7 Qh5 $1 29. Rxe7 $140 $2 Qh4 $1 $19)
27. Bxd5 Nxd5 28. Rxc6 dxe5 29. dxe5 Qe7 $2 {With the childish threat ...Qh4
followed by ...Rh5, etc. From the positional point of view, Black's last moves
were extremely bad. Now White's dark-squared bishop and knight are playing,
White also has the passed e-pawn.} (29... Bxe5 30. Bxe5+ Rxe5 31. Nd4 {and
White takes over the initiative.}) 30. e6 $2 (30. Rd6 $1 Rxd6 (30... Rdf8 $2
31. Rxd5 Qh4 32. Qc5 Rh5 33. Ng1 $18) (30... Rff8 31. Nd4 $16) 31. exd6 Qxd6
32. Nd4 $1 Rf8 33. Ne6 Bxb2 34. Qxb2+ Rf6 35. Qd4 Kg8 36. Re5 Rxe6 37. Rxd5 Qb6
38. Qxb6 Rxb6 39. Rxa5 $18) 30... Qh4 31. Bxg7+ Kxg7 32. Qb2+ Kh6 {Now Black
has the initiative again.} 33. Ng1 Ne7 34. Rc2 Rd3 35. Rce2 Rc3 36. Re5 Qg5 37.
Rxf5 Nxf5 38. Re5 Qf6 39. Qe2 Rc1 40. Qd2 $1 {My opponent managed to find
before the time control the only move which did not lose.} (40. Rxf5 gxf5 41.
e7 Qg6 $19) 40... Qxe5 41. Qxc1 {So, we passed the time control. I evaluated
this position as winning for me because of the passive position of the white
king and knight and the weaknesses on b3, g2, f3.} Nh4 42. Kh1 Qg5 (42... Kg7
$5 43. Ne2 $1 Nxf3 $1 {I missed this move in my calculations.} (43... Qxe2 44.
Qc7+ Kf6 45. Qd8+ $1 $11 {I saw this move, that is why I didn't play 42...Kg7})
44. Nxf4 Nd4 $1 $17 (44... g5 45. Nh5+ Kh6 46. Ng3 Qxe6 47. Kg2 Qd5 48. Kf1
Nd2+ 49. Kg1 Nxb3 50. Qc8 $1 Nd4 51. Qf8+ Kg6 52. Qe8+ Qf7 53. Qe4+ Nf5 54. h4
$1)) 43. Qf1 Kg7 44. Ne2 Qe5 $2 {Losing nearly all the advantage} (44... Kf8 $1
{seems to be winning for Black. White is completely paralysed.} 45. Qg1 (45.
Nd4 h5 46. Nc6 (46. Qg1 Qd5 $1 47. Qa1 Ke8 $22 48. Kh2 $140 Qxd4 $1 49. Qxd4
Nxf3+ $19) 46... Qd5 $19) 45... Qxg1+ 46. Kxg1 Nf5 47. Nxf4 Nd4 $19) 45. Qd1 $1
Qxe6 46. Nxf4 Qf7 47. Qd4+ Kh6 48. Qe3 g5 49. Qb6+ Ng6 50. Nxg6 Qxf3+ 51. Kg1
hxg6 $11 {I offered a draw somewhere here, but my opponent wanted to play on.}
52. Qd8 Kg7 53. Qe7+ Kh6 54. Qe5 Qc3 55. Qe6 Qf3 56. Kf1 g4 57. hxg4 Kg5 58.
Ke1 Qxg4 (58... Qc3+ $1 {could have forced the immediate draw.} 59. Ke2 (59.
Kf1 Qh3+ $11) 59... Qc2+ 60. Kf3 (60. Ke3 Qc1+ $11) 60... Qd1+ 61. Kg3 Qg1+ 62.
Kf3 Qd1+ $11) 59. Qe7+ Kf4 60. Kd2 Qf5 61. Qe3+ Kg4 62. Qg3+ Kh5 63. Ke3 g5 64.
Kd4 g4 65. Qe3 Kg6 66. Kc4 Kf6 67. Qb6+ Kg5 68. Qb5 Kf4 69. Qxf5+ Kxf5 70. Kb5
Ke4 71. Kxa5 Kf3 72. Kxb4 $2 (72. Kb5 $1 Kxf2 73. a5 g3 74. a6 g2 75. a7 g1=Q
76. a8=Q Qf1+ 77. Kb6 $1 {It is a draw according to the tablebases, but in the
practical game Black would have been suffering for a long time and there is no
guarantee that I would have made a draw...}) 72... Kxf2 73. a5 g3 74. a6 g2 75.
a7 g1=Q 76. a8=Q Qe1+ {Now it is a perpetual.} 77. Kc4 Qe2+ 78. Kc3 {A very
fighting game with numerous mistakes by both sides!} 1/2-1/2

[Event "Enghien les Bains 2nd"]
[Site "Enghien les Bains"]
[Date "1997.03.16"]
[Round "3"]
[White "Fontaine, Robert"]
[Black "Bacrot, Etienne"]
[Result "0-1"]
[WhiteElo "2320"]
[BlackElo "2500"]
[Annotator "Jacoby,G"]
[PlyCount "52"]
[EventDate "1997.03.14"]
[EventType "tourn"]
[EventRounds "9"]
[EventCountry "FRA"]
[EventCategory "10"]
[SourceTitle "CBM 058"]
[Source "ChessBase"]
[SourceDate "1997.06.01"]
[SourceVersion "1"]
[SourceVersionDate "1997.06.01"]
[SourceQuality "1"]

1. e4 e5 2. Nf3 Nc6 3. Bb5 g6 4. d4 exd4 5. Bxc6 $6 (5. Bg5 $142 Be7 6. Bxe7
Qxe7 7. Bxc6 dxc6 8. Qxd4) 5... dxc6 6. Qxd4 Qxd4 7. Nxd4 Bg7 {Diese Stellung
verspricht Weiß nichts. Verglichen mit der Spanischen Abtauschvariante hat
Schwarz seinen Läufer schon nach g7 entwickelt.} 8. c3 (8. Ne2 f5 9. Nbc3 Nf6
10. exf5 Bxf5 11. Nd4 Bd7 12. O-O O-O-O 13. Be3 Ng4 14. Rad1 c5 15. Nde2 Nxe3
16. fxe3 Bf5 17. e4 Be6 18. b3 Rxd1 19. Rxd1 Bg4 20. h3 Bxe2 21. Nxe2 Re8 22.
Ng3 Bd4+ 23. Kh2 Be5 24. Rd3 h5 25. h4 c6 26. Kh3 b5 27. Ne2 c4 28. bxc4 bxc4
29. Re3 Rd8 30. g3 Rd2 31. Ng1 Bd4 32. Re1 Bxg1 {Small,G-Blocker,C/Chicago op
1988/EXT 88op2/0-1 (42)}) (8. Be3 c5 9. Nb5 Bxb2 10. Nxc7+ Kd7 11. Nxa8 Bxa1
$17) 8... Bd7 9. Bg5 (9. Be3 O-O-O 10. Nd2 c5 11. Ne2 b6 12. Ng3 Ne7 13. O-O-O
Rhe8 14. Rhe1 Ba4 15. b3 Bb5 16. c4 Bd7 17. Nb1 Nc6 18. Bg5 f6 19. Be3 a5 20.
Nc3 Nb4 21. a3 f5 22. Nge2 Nc6 23. Bg5 Nd4 24. Bxd8 Rxd8 25. Nxd4 Bxd4 26. Nd5
Bxf2 27. Rf1 Bh4 28. e5 Bc6 29. g3 Bg5+ 30. Kc2 Re8 31. h4 Bd8 32. Rfe1 Re6 33.
a4 g5 {Ionescu,D-Urzica,A/Bucharest-B 1994/EXT 94/1-0 (48)}) 9... h6 (9... Nf6
10. Nd2 O-O 11. f3 c5 12. N4b3 b6 13. Nc4 Be6 14. Ne3 a5 15. Nd2 a4 16. a3 Nd7
17. Ke2 Rfe8 18. Rhd1 f5 19. h3 Nf6 20. Kf2 Nd7 21. exf5 gxf5 22. Ndf1 Ne5 23.
Nd5 Bxd5 24. Rxd5 c4 25. Kg1 c6 26. Rd2 Nd3 27. Ng3 Ra5 28. Bh4 Rae5 29. Rf1
Bh6 30. Rc2 Kf7 31. f4 Bxf4 32. Nh5 Be3+ 33. Kh1 Kg6 34. Nf6 Ra8 35. g4 f4 36.
g5 Rd8 37. Re2 Rb5 38. Rb1 Ne5 39. Ne4 Nf3 40. Bf2 Re5 41. Nf6 Bxf2 42. Rxf2
Rd3 {0-1 Fuentes,M-Belli,M/PER-ch 1994/EXT 94ch}) 10. Bh4 g5 $1 11. Bg3 O-O-O
12. O-O c5 13. Nf3 $2 (13. Nb3 $142 {Weiß kann seien Bg3 mit f2-f3 befreien.})
13... Nf6 14. Re1 Rhe8 15. Nfd2 (15. Nbd2 Bc6 16. e5 Nd7 $19) 15... Nh5 16. Na3
(16. f3 Nxg3 17. hxg3 Be6 $17 (17... f5)) 16... Bc6 17. Nb3 (17. Rad1 Bxe4 $1)
17... Rxe4 18. Rxe4 Bxe4 19. Nxc5 Bd5 20. Nb5 (20. Nc2 f5 21. f3 Nxg3 22. hxg3
Bf8 23. Nb3 Bxb3 24. axb3 Bc5+ 25. Kh2 Rd2 $17) 20... Bc4 21. a4 (21. Na3 Be2
$1) (21. Nxa7+ $2 Kb8 $19) 21... Rd5 22. b4 (22. Ne4 Nxg3 23. Nxg3 a6 24. Na3
Bb3 $17) 22... Bxb5 23. axb5 Bxc3 24. Rc1 Bxb4 25. Na4 Nxg3 26. hxg3 Rxb5 0-1

[Event "POL-ch 60th"]
[Site "Warsaw"]
[Date "2003.04.25"]
[Round "4"]
[White "Socko, Bartosz"]
[Black "Bartel, Mateusz"]
[Result "1-0"]
[WhiteElo "2577"]
[BlackElo "2443"]
[Annotator "Konikowski,J"]
[PlyCount "51"]
[EventDate "2003.04.22"]
[EventType "tourn"]
[EventRounds "13"]
[EventCountry "POL"]
[EventCategory "12"]
[SourceTitle "CBM 095"]
[Source "ChessBase"]
[SourceDate "2003.07.25"]
[SourceVersion "1"]
[SourceVersionDate "2003.07.25"]
[SourceQuality "1"]

1. e4 e5 2. Nf3 Nc6 3. Bb5 g6 4. c3 a6 5. Bc4 Bg7 6. d4 d6 7. Bg5 Nf6 8. dxe5
dxe5 9. Qxd8+ $146 {[%mdl 8]} (9. Qe2 h6 10. Bh4 O-O 11. Na3 Qe8 12. Bxf6 Bxf6
13. Nc2 Nd8 14. Ne3 Ne6 15. g3 h5 16. Nd5 Bg7 17. a4 a5 18. Nh4 c6 19. Nb6 Rb8
20. O-O Bf6 21. Ng2 Nc5 22. Qe3 Qe7 23. Rfd1 $14 {Oll,L-Azmaiparashvili,Z/
Kujbyshev 1986/}) 9... Nxd8 10. Nbd2 Nc6 $2 (10... Ne6 $142 $5 11. Bh4 b5 12.
Bxf6 (12. Bb3 Nf4 13. O-O Nd7 14. a4 Bb7 $13) 12... Bxf6 13. Bd5 Rb8 14. b4 Nf4
15. Bc6+ Ke7 16. g3 Ne6 17. a4 Rd8 18. Ke2 Rb6 19. axb5 axb5 20. Bd5 Rbd6 $132)
11. h3 O-O 12. a4 b6 (12... h6 13. Bxf6 Bxf6 14. b4 $14) 13. O-O Bb7 14. b4 a5
15. b5 Nd8 16. Nxe5 Re8 17. f4 Ne6 (17... h6 18. Bh4 g5 19. fxg5 Nxe4 20. Rxf7
Kh8 21. Rxg7 Kxg7 22. gxh6+ Kxh6 23. Ng4+ Kh5 24. Nf3 $18) 18. Nxf7 $1 $18 {
[%mdl 64]} Kxf7 19. f5 gxf5 20. exf5 Nd5 21. fxe6+ Kg6 (21... Kxe6 22. Rae1+
Kd6 23. Ne4+ Rxe4 24. Rxe4 Bxc3 25. Rd1 $18) 22. h4 Bxc3 23. Bd3+ Kg7 24. Rf7+
Kh8 25. Rxh7+ Kg8 26. Re1 1-0

[Event "Budapest Krenosz Memorial"]
[Site "Budapest"]
[Date "1976.06.19"]
[Round "4"]
[White "Ozsvath, Andras"]
[Black "Lukacs, Peter"]
[Result "0-1"]
[WhiteElo "2315"]
[BlackElo "2430"]
[Annotator "Marszalek/Tompa"]
[PlyCount "74"]
[EventDate "1976.06.16"]
[EventType "tourn"]
[EventRounds "15"]
[EventCountry "HUN"]
[SourceTitle "EXT 2021"]
[Source "ChessBase"]
[SourceDate "2020.10.23"]
[SourceVersion "1"]
[SourceVersionDate "2020.10.23"]
[SourceQuality "1"]

1. e4 e5 2. Nf3 Nc6 3. Bb5 g6 4. d4 (4. c3 d6 5. d4 Bd7 6. O-O Bg7 7. dxe5 dxe5
8. Be3 (8. Qe2 Nge7 9. Rd1 O-O 10. Bg5 Qe8 11. Na3 a6 12. Bc4 Kh8 {
Hartston-Smyslov, Teeside, 1975}) 8... Nf6 9. Nbd2 O-O 10. Bc5 Re8 11. Qe2 $14)
4... exd4 5. Nxd4 (5. Bg5 f6 (5... Be7 6. Bxe7 Ngxe7 7. Nxd4 $14) 6. Bh4 (6.
Bf4) 6... Bg7 7. Nxd4 $6 Nge7 8. Bc4 Na5 9. Be2 d5 $11 {Dely-Smyslov, Szolnok,
1975}) 5... Bg7 6. Be3 Nf6 7. Nc3 O-O 8. O-O Re8 9. f3 (9. Re1 $142) 9... Ne5 (
9... Qe7 $5) 10. h3 c6 11. Be2 $2 (11. f4 $1 cxb5 12. fxe5 Rxe5 13. Nf3 Re6 14.
e5 b4 15. Nb5 Ne4 16. Qd5 $14) 11... d5 $1 $15 12. f4 Nc4 13. Bxc4 Nxe4 $1 14.
Nxd5 cxd5 15. Bb5 Nc3 $1 $17 16. bxc3 Rxe3 17. Qd2 Re4 18. Rae1 a6 19. Bd3 Rxe1
20. Qxe1 Bd7 21. f5 Bf6 22. Qg3 Qe7 23. Re1 Qc5 24. Kh1 Qxc3 25. Nf3 Re8 (25...
Kg7 $142) 26. Rf1 $2 (26. Rxe8+ Bxe8 27. Qb8 Qc6 28. Ne5 Bxe5 29. Qxe5 $17)
26... Kg7 27. h4 Bb5 $19 28. fxg6 hxg6 29. Qf4 Re4 $1 30. Qd6 Bxd3 31. cxd3
Qxd3 32. Rc1 Bxh4 33. Rc8 Be7 34. Qd7 Re6 35. Rc1 Qe3 36. Rc2 Bd6 37. Qxb7 Qe1+
0-1

[Event "Floripa Chess Open 2nd"]
[Site "Florianopolis"]
[Date "2016.01.20"]
[Round "7"]
[White "Mekhitarian, Krikor Sevag"]
[Black "Rodi, Luis Ernesto"]
[Result "1/2-1/2"]
[WhiteElo "2555"]
[BlackElo "2346"]
[Annotator "Mekhitarian,K"]
[PlyCount "113"]
[EventDate "2016.01.16"]
[EventType "swiss"]
[EventRounds "10"]
[EventCountry "BRA"]
[SourceTitle "CBM 171"]
[Source "ChessBase"]
[SourceDate "2016.03.14"]
[SourceVersion "2"]
[SourceVersionDate "2016.03.14"]
[SourceQuality "1"]

1. e4 e5 2. Nf3 Nc6 3. Bb5 Nge7 4. c3 d5 $5 {An interesting move, played by
the first World Champion, Wilhelm Steinitz, in 1867. And what a game he
produced with it! (see 6.Qa4)} 5. Nxe5 dxe4 6. Qe2 $1 (6. Qa4 $6 Qd5 $1 7. Nxc6
Nxc6 8. Bxc6+ Qxc6 9. Qxc6+ bxc6 10. O-O Ba6 $17 11. Re1 Bd3 12. c4 f5 13. b3 {
Black already has a superb position with the B pair and the massive central
domination. Simple moves like Kf7 and Bd6 would guarantee Steinitz a great
position, but he went for a winning attack:} Bc5 14. Bb2 O-O-O $5 15. Bxg7 Rhg8
16. Bc3 Rd6 17. b4 $2 Rxg2+ $1 18. Kxg2 Rg6+ 19. Kh1 Bxf2 20. Na3 e3 $3 {
with a deadly Be4# threat} 21. h4 e2 22. Be5 Rg4 23. Kh2 f4 $1 24. Nc2 f3 25.
Bf6 Bxc2 {0-1 (25) Fraser,G-Steinitz,W Dundee 1867}) 6... Be6 {Now the problem
is I only knew until 6.Qe2; the last time I checked this analysis was many
years ago, so I had to start improvising already.} 7. d4 {A solid approach,
that has its ideas, but shouldn't be threatening for Black.} (7. Nxc6 $5 bxc6
8. Ba6 Rb8 9. Qxe4 Bd5 10. Qe2 Bxg2 11. Rg1 Bd5 $13 {reaching a similar
position from the 7.Qxe4 variation} 12. d4) (7. Qxe4 $5 Bd5 8. Qe2 Bxg2 9. f3 (
9. Rg1 Bd5 10. d4 {and despite Black's weak development and the good-looking
g1-R, Black is fine} f6 $1 11. Nxc6 (11. c4 $5 $146 fxe5 12. cxd5 Qxd5 13. Nc3
$44 {this position needs to be explored, White could have a dangerous
initiative for the pawn}) 11... bxc6 12. Ba4 Qd6 13. Rg3 Kf7 $1 $132 {½-½ 
(23) Edouard,R (2636)-Wohl,A (2424) Hastings 2010, suddenly White is the one
with development issues.}) 9... Qd5 $1 {and Black has a fine position, for
example} (9... Bxh1 $4 10. Nxc6 $1 $18) 10. Nxc6 (10. Rg1 O-O-O $1 (10... Bh3
$5 {is also unclear}) 11. Bc4 Qxe5 12. Rxg2 Qh5 $1 $44 {with great
compensation for the pawn} (12... Qf6 $6 13. d4 h6 14. Nd2 Nf5 15. Ne4 Qe7 16.
Ng3 Nh4 17. Rf2 Qd7 18. Be3 Bd6 19. O-O-O Ne7 20. Ne4 $16 {1-0 (68) Heberla,B 
(2567)-Tan,J (2407) Canberra 2015})) 10... bxc6 11. Bxc6+ Qxc6 12. Qxg2 O-O-O
13. d4 Rxd4 $1 14. cxd4 Qxc1+ 15. Ke2 Qc2+ 16. Nd2 Nd5 $1 $40) 7... exd3 8.
Nxd3 Ng6 $1 (8... a6 {was something I would be happy to see} 9. Bxc6+ Nxc6 10.
Nf4 $11 {+/=, I thought that if I could ruin his structure, I could have
something to play against.}) 9. Bc4 (9. O-O Bd6 10. f4 $5 $146 {apparently
amusing, this move runs into strong counterplay} (10. Nd2 {and Black was fine
after} O-O 11. Ne4 Re8 12. Bg5 f6 13. Be3 a6 14. Bxc6 bxc6 15. Nxd6 cxd6 16. b3
a5 {½-½ (53) Caruana,F (2767)-Sokolov,I (2653) Reykjavik 2012}) 10... O-O $1
11. f5 a6 $1 12. Bxc6 (12. fxe6 axb5 13. exf7+ Rxf7 14. Rxf7 Kxf7 15. Nd2 Kg8
$11 {with a balanced position}) 12... Bc4 $1 {threatening Bxd3} 13. Be4 Ne5 $1
14. Rd1 (14. Kh1 Nxd3 15. Bxd3 (15. Nd2 Qh4 16. Nf3 Ne5 $1 17. Nxh4 (17. Qxc4
$4 Nxf3 $1 $19) 17... Bxe2 18. Re1 Bb5 $13) 15... Qh4 16. g3 Bd5+ 17. Kg1 Qh3
$1 $19 {the Bc5+/Bxg3/Rfe8 threats can not be stopped and Black wins}) 14...
Nxd3 15. Bxd3 Re8 $1 16. Be3 {forcing a draw by perpetual check} (16. Qf3 $2
Bxd3 17. Rxd3 (17. Qxd3 Bc5+ 18. Kf1 Qh4 $19) 17... Re1+ 18. Kf2 Rxc1 $19)
16... Qh4 17. Bxc4 Qxh2+ 18. Kf1 Qh1+ 19. Kf2 Qh4+ 20. Kf1 $11) 9... Qd6 $1 10.
Bg5 $5 (10. Bxe6 $5 fxe6 11. O-O O-O-O 12. Ne1 {was a possible alternative, I
thought it was too passive, but Black can't exploit it for now. For example:}
Kb8 13. Nf3 Nce5 14. Nbd2 Be7 (14... Nd3 $6 15. Ne4 Qd5 16. Bg5 $1 $16) 15.
Nxe5 Qxe5 16. Ne4 $11 {+/= I believe White to have a small positional
advantage after Be3, f3, Rad1.}) 10... h6 11. Bxe6 hxg5 $6 (11... fxe6 $5 12.
Qe4 {was my idea} Nge5 13. Nxe5 Qxe5 $5 (13... Nxe5 14. Qxb7 Nd3+ 15. Kf1 {
during the game I thought I was winning here, but} Qd5 $1 16. Qxd5 exd5 {
and Black equalises} 17. Be3 Nxb2 18. Nd2 $11) 14. Qxe5 Nxe5 15. Bc1 {
defending b2} O-O-O 16. Ke2 $13 {The computer naturally likes Black, but I
really don't know how to improve his position, since White will follow up with
Nd2-Ne4 and f3. I still like White.}) 12. Bf5+ (12. Bc8+ $2 {was too risky} Be7
13. Bxb7 Rb8 $1 14. Bxc6+ Qxc6 {now everything is hanging and Black is very
active} 15. O-O Rd8 $1 {threatening Qd6} 16. Nb4 (16. g3 $4 Rxd3 $1 17. Qxd3
Ne5 $19) 16... Qxg2+ $1 {forcing an endgame, because Black already has all the
pieces in play and will retain a good initiative} 17. Kxg2 Nf4+ 18. Kf3 (18.
Kh1 Nxe2 19. Re1 Nf4 20. Nc6 Rd7 $17) 18... Rh3+ 19. Kg4 f5+ $1 20. Kxf5 Nxe2
$17 {a funny endgame position!}) 12... Be7 13. Nd2 {Suddenly White has good
prospects, with a better structure.} Nge5 14. Nxe5 $6 (14. O-O-O $1 Nxd3+ 15.
Bxd3 O-O-O 16. Be4 {threatening Bxc6, it is not that easy to defend it} Qe6 (
16... Bf6 17. Qb5 $36) (16... Rhe8 17. Qf3 Ne5 18. Qf5+ Qe6 19. Qxe6+ fxe6 $14
{with a better endgame}) 17. Rhe1 {renewing the threat} Bf6 18. Qb5 a6 19. Qc5
Be7 20. Qc4 $1 Qxc4 21. Nxc4 $14 {still with some pressure, the N on c6 looks
awkward.}) 14... Qxe5 15. Be4 Qe6 (15... O-O-O $5 16. Bxc6 Qxe2+ 17. Kxe2 bxc6
$132 {it was hard to understand that spoiling the structure is fine for Black,
but the white king doesn't feel safe now} 18. Rae1 (18. Nc4 Bc5 $36) 18... Bc5
19. f3 Rhe8+ 20. Kf1 f5 $13) 16. Qb5 $6 (16. O-O-O $1 O-O-O (16... Qxa2 $4 17.
Rhe1 $18) 17. Rhe1 $36 {-- 14.O-O-O}) 16... O-O-O 17. O-O-O a6 $1 18. Qc4 Qxc4
19. Nxc4 Rxd1+ 20. Kxd1 Rh6 {I still believed I had a tiny edge because of my
better pieces, but I wasn't able to create anything concrete.} 21. Bf5+ Kb8 22.
Ke2 Bf6 23. Ne3 Ne5 24. Rd1 Rxh2 25. Bh3 g4 26. Bxg4 Rh8 27. Bh3 (27. f4 $5 {
was the last try} Nxg4 (27... Ng6 28. Kf3 $14 {would be something for White})
28. Nxg4 Be7 29. Kf3 $11 {again, the position is equal, but there is play.})
27... Rd8 {Now Black equalises by exchanging the rooks.} 28. Rxd8+ (28. Nd5 {
was my initial idea when I played 24.Rd1, but then I realised I have no
chances after c6!} c6 29. Nxf6 Rxd1 30. Kxd1 gxf6 $11) 28... Bxd8 29. f4 Ng6
30. Kf3 c6 31. Ke4 Ne7 32. Bd7 Ng8 (32... Kc7 {would be a provocative move} 33.
Be8 Nc8 $1 {winning the bishop. Luckily, White still has a way to complicate
matters} 34. Nf5 g6 35. Bxf7 gxf5+ 36. Kxf5 $13) 33. Bh3 Ne7 34. Nc4 Bc7 35.
Ne5 Bxe5 36. Kxe5 Kc7 37. Bg4 Nd5 38. Bf3 Nf6 39. Be2 Nd7+ 40. Kd4 Kd6 41. Bc4
f6 42. Bd3 a5 43. Bf5 Nc5 44. b4 axb4 45. cxb4 Na6 46. a3 c5+ 47. bxc5+ Nxc5
48. Kc4 b6 49. Bc2 Ne6 50. g3 g5 51. fxg5 fxg5 52. Bf5 Nc7 53. Bd3 Nd5 54. Kd4
Nf6 55. Be2 Ke6 56. Bd1 Kd6 57. Be2 1/2-1/2